000 00519nam a2200169Ia 4500
008 230718s9999 xx 000 0 und d
020 _a9788184898477
041 _aeng
082 _a004.16
_bHEN
100 _aHenkel J. (Editor)
_9198232
245 _aDesigning Embedded Processors
_bA Low Power Perspective
260 _c2011
_bSpringer
300 _a550
365 _cRs.
_b750.00
700 _aHenkel J. (Editor) & Parameswaran S. (Editor)
_9198233
906 _dO:0480926-Dec-2015B:IN 125227-Aug-2015
_cCOMP
_b187.5
999 _c340811
_d340811